|
|
|
|
| LEADER |
00998cam a2200265 7i4500 |
| 001 |
0000060048 |
| 005 |
20220704090000.0 |
| 020 |
|
|
|a 9783034600927 (electronic book)
|
| 090 |
0 |
0 |
|a NK1548
|b .C46 2010
|
| 245 |
0 |
0 |
|a Chroma :
|b design, architecture & art in color
|c Barbara Glasner, Petra Schmidt (eds.).
|
| 264 |
|
|
|a Basel:
|b Birkhauser Verlag AG,
|c 2010.
|
| 300 |
|
|
|a 1 online resource (319 pages):
|b colour illustrations, text file, PDF.
|
| 336 |
|
|
|a text
|2 rdacontent
|
| 337 |
|
|
|a computer
|2 rdamedia
|
| 338 |
|
|
|a online resource
|2 rdacarrier
|
| 650 |
|
0 |
|a Color in architecture
|
| 650 |
|
0 |
|a Color in design
|
| 650 |
|
0 |
|a Color in art
|
| 655 |
|
0 |
|a Electronic books
|
| 700 |
1 |
|
|a Glasner, Barbara
|
| 700 |
1 |
|
|a Schmidt, Petra
|
| 856 |
4 |
2 |
|u http://library.unisel.edu.my/web/guest/mylibrary
|
| 997 |
|
|
|a Communication, Visual Art & Computing, Faculty
|b Visual Art, Department
|
| 998 |
|
|
|a Arts Creative Photography Technology, Degree
|
| 999 |
|
|
|a EBO0013183
|b EBOOK
|c EBOOK
|e Electronic resources
|